书目信息 |
| 题名: |
现代汉语
|
|
| 作者: | 师专《现代汉语》编写组编写 | |
| 分册: | ||
| 出版信息: | 1989.6 |
|
| 页数: | 770页 | |
| 开本: | 20厘米 | |
| 丛书名: | ||
| 单 册: | ||
| 中图分类: | H109.4 , H1 | |
| 科图分类: | 41.2044 | |
| 主题词: | 汉语--现代--高等师范教育--教材 | |
| 电子资源: | ||
| ISBN: | ||
| 000 | 00653nam0 2200229 45 | |
| 001 | 1541227943 | |
| 005 | 20150126112804.17 | |
| 010 | @dCNY3.20 | |
| 100 | @a19921105d1989 em y0chiy0121 ea | |
| 101 | 0 | @achi |
| 105 | @ay z 000yy | |
| 200 | 10 | @a现代汉语@AXIAN DAI HAN YU@f师专《现代汉语》编写组编写@FSHI ZHUAN 《 XIAN DAI HAN YU 》 BIAN XIE ZU BIAN XIE |
| 210 | @d1989.6 | |
| 215 | @a770页@d20厘米 | |
| 300 | @a高等师范专科学校教材 | |
| 540 | 1 | @a现代 汉语@AXIAN DAI HAN YU |
| 606 | @a汉语@z现代@x高等师范教育@x教材 | |
| 690 | @aH109.4@v三版 | |
| 690 | @aH1@v4 | |
| 692 | @a41.2044 | |
| 801 | 0 | @aCN@bTSSF@c20150126 |
| 905 | @aZUCC@dH1@eJY29 | |
| 现代汉语/师专《现代汉语》编写组编写.-1989.6 |
| 770页;20厘米 |
| 高等师范专科学校教材 |
| ISBN :CNY3.20 |
| ● |
| 相关链接 |
|
|
|
|
正题名:现代汉语
索取号:H1/JY29
 
预约/预借
| 序号 | 登录号 | 条形码 | 馆藏地/架位号 | 状态 | 备注 |
| 1 | 7839443 | 278394435 | 学院路分馆/ [索取号:H1/JY29] | 在馆 | |
| 2 | 7839444 | 278394444 | 学院路分馆/ [索取号:H1/JY29] | 在馆 |